000 00663nam a22001937a 4500
003 OSt
005 20240703114920.0
008 240703b |||||||| |||| 00| 0 eng d
020 _a0262134209
040 _aDDC
_cMUST
082 _a330.0151 MIR 2002
_b20
100 _aMiranda Mario J. and Fackler Paul L.
_918406
245 _aApplied Computational Economics and Finance/
_cMiranda Mario J. and Fackler Paul L.
260 _aLondon, England.:
_bMIT Press Cambridge, Massachusetts;
_c2002.
300 _axviii,510p.:
_bill,;
_c23.5cm.
504 _aIncludes Bibliographical Appendixes, References and Indexers
650 _aEconomics.
_9975
942 _2ddc
_cO_SHELF
999 _c9045
_d9045